000 00549nam a22001817a 4500
003 OSt
005 20250527142746.0
008 250527b |||||||| |||| 00| 0 eng d
020 _a9788197750014
082 _a174.4
100 _aSuvarna Ganvir
245 _aEssentials of Ethics, Laws, Professionalism and Management
_bfor Physiotherapy Students
_cSurvana Ganvir
250 _a1st
260 _aNew Delhi
_bCBS Publishers & Distributors
_c2025
650 _vOccupational Therapy
_xEssentials of Ethics, Laws
942 _cBK
_2ddc
999 _c249334
_d249334